Statistics for Celebrity Birthplaces

Click here to take the quiz!

General Stats

  • This quiz has been taken 36 times
  • The average score is 12 of 15

Answer Stats

Answer% Correct
USA (Alan Alda)
97%
Canada(Mike Myers)
97%
Italy(Columbus)
97%
Spain(Penelope Cruz)
97%
France(Bridget Bardot)
94%
Japan(Yoko Ono)
94%
UK(Charles Dickens)
91%
Sweden(Ingrid Bergman)
82%
Ireland(Oscar Wilde)
82%
Austria(Mozart)
76%
India(Salman Rushdie)
76%
Argentina(Eva Peron)
71%
Belgium(Audrey Hepburn)
68%
Macedonia(Mother Teresa)
47%
Ukraine(Trotsky)
35%

Score Distribution

Percentile by Number Answered

Percent of People with Each Score

Your Score History

You have not taken this quiz